[Event "Warsaw YMCA Autumn 28th"]
[Site "Warsaw"]
[Date "2006.12.20"]
[Round "11"]
[White "Szymczak, Rafal"]
[Black "Pekacki, Stanislaw"]
[Result "1/2-1/2"]
[WhiteElo "2103"]
[BlackElo "2124"]
[PlyCount "48"]
[EventDate "2006.09.27"]
[EventType "tourn"]
[EventRounds "11"]
[EventCountry "POL"]
[SourceTitle "EXT 2011"]
[Source "ChessBase"]
[SourceDate "2010.11.26"]
[SourceVersion "1"]
[SourceVersionDate "2010.11.26"]
[SourceQuality "1"]

1. d4 d5 2. Bf4 c6 3. c3 Bf5 4. e3 e6 5. Nf3 Bd6 6. Bxd6 Qxd6 7. Bd3 Nf6 8. Ne5 Nbd7 9. Nxd7 Qxd7 10. Qc2 0-0 11. Nd2 Rfe8 12. 0-0 Bxd3 13. Qxd3 e5 14. dxe5 Rxe5 15. Rad1 Qg4 16. h3 Qh5 17. Rfe1 Rae8 18. c4 g5 19. Nf3 Re4 20. cxd5 Nxd5 21. Nd2 R4e5 22. Nf3 Re4 23. Nd2 R4e5 24. Nf3 Re4 1/2-1/2

[Event "Warsaw YMCA Autumn 28th"]
[Site "Warsaw"]
[Date "2006.12.07"]
[Round "8"]
[White "Pekacki, Stanislaw"]
[Black "Kedzierski, Slawomir"]
[Result "1/2-1/2"]
[WhiteElo "2124"]
[BlackElo "2068"]
[PlyCount "99"]
[EventDate "2006.09.27"]
[EventType "tourn"]
[EventRounds "11"]
[EventCountry "POL"]
[SourceTitle "EXT 2011"]
[Source "ChessBase"]
[SourceDate "2010.11.26"]
[SourceVersion "1"]
[SourceVersionDate "2010.11.26"]
[SourceQuality "1"]

1. e4 c6 2. d4 d5 3. e5 Bf5 4. Nf3 e6 5. Be2 Nd7 6. 0-0 c5 7. c3 Qb6 8. Qa4 a6 9. Nbd2 Qc6 10. Qd1 Ne7 11. Nb3 c4 12. Nbd2 Qc7 13. Nh4 Bg6 14. Nxg6 hxg6 15. Nf3 Nf5 16. Bf4 Be7 17. Qd2 Qd8 18. b3 b5 19. a4 Nh4 20. Ng5 0-0 21. b4 Nf5 22. g3 Nb6 23. a5 Nd7 24. h4 Re8 25. Kg2 Nf8 26. h5 f6 27. exf6 gxf6 28. Nh3 g5 29. Be3 Nxe3+ 30. Qxe3 f5 31. g4 f4 32. Qd2 Qd6 33. Ng1 Bf6 34. Nf3 Rad8 35. Rae1 Nd7 36. Qc2 Qe7 37. Bd1 Qh7 38. Qd2 Qe7 39. Bc2 Kg7 40. Bf5 Qd6 41. Bg6 Re7 42. Bb1 Rh8 43. Qc2 Rh6 44. Re2 Re8 45. Rfe1 Re7 46. Qd2 Rh8 47. Bg6 Rh6 48. Bb1 Kf8 49. Qc2 Kg7 50. Qd2 1/2-1/2

[Event "Warsaw YMCA Autumn 28th"]
[Site "Warsaw"]
[Date "2006.11.16"]
[Round "2"]
[White "Nguyen, Piotr"]
[Black "Pekacki, Stanislaw"]
[Result "1/2-1/2"]
[WhiteElo "2162"]
[BlackElo "2124"]
[PlyCount "149"]
[EventDate "2006.09.27"]
[EventType "tourn"]
[EventRounds "11"]
[EventCountry "POL"]
[SourceTitle "EXT 2011"]
[Source "ChessBase"]
[SourceDate "2010.11.26"]
[SourceVersion "1"]
[SourceVersionDate "2010.11.26"]
[SourceQuality "1"]

1. e4 c5 2. Nc3 Nc6 3. f4 g6 4. Nf3 Bg7 5. Bb5 Nd4 6. Bd3 d6 7. Nxd4 cxd4 8. Ne2 Qb6 9. c3 dxc3 10. bxc3 Nf6 11. Rb1 Qc7 12. 0-0 0-0 13. Bc2 Be6 14. a4 d5 15. e5 Ne4 16. Ba3 Bg4 17. Qe1 Bd7 18. Bxe4 dxe4 19. Bxe7 Bxa4 20. Bd6 Qd7 21. Bxf8 Bxf8 22. Ng3 Bc2 23. Nxe4 Qd3 24. Nf6+ Kg7 25. Rxb7 Bc5+ 26. Kh1 Qa6 27. Rd7 Bf5 28. Rd5 Be7 29. Qa1 Qc6 30. Ra5 Bd3 31. Rf3 Rd8 32. Rxa7 Bc5 33. Ra2 Bc4 34. Rb2 Bd3 35. Qe1 Qa6 36. h3 Ra8 37. Kh2 Be2 38. Rg3 Ba3 39. Rb1 Bd3 40. Ra1 Qc4 41. Qe3 Bc5 42. Rxa8 Bxe3 43. Rg8+ Kh6 44. Ng4+ Kh5 45. Nxe3 Qxf4 46. Ng4 Kh4 47. Nf2 Qxg3+ 48. Kg1 Be4 49. Nxe4 Qe1+ 50. Kh2 Qxe4 51. Rd8 Qxe5+ 52. Kg1 f5 53. Rd7 h5 54. Rd4+ Kg5 55. h4+ Kf6 56. Kf2 g5 57. hxg5+ Kxg5 58. g3 Qa5 59. Rc4 Qa7+ 60. Rd4 Qa1 61. Rd8 Qh1 62. Rd4 Qh2+ 63. Kf3 Kf6 64. c4 Qh3 65. Kf2 Qh1 66. Rd6+ Ke5 67. Rd5+ Ke6 68. Rd4 Qc1 69. Ke2 Qg1 70. Rd3 Qg2+ 71. Kd1 Qf1+ 72. Kc2 Ke5 73. Rd5+ Ke4 74. d3+ Ke3 75. Re5+ 1/2-1/2

[Event "Warsaw YMCA Autumn 28th"]
[Site "Warsaw"]
[Date "2006.11.08"]
[Round "6"]
[White "Pekacki, Stanislaw"]
[Black "Delega, Tomasz"]
[Result "1/2-1/2"]
[WhiteElo "2124"]
[BlackElo "2116"]
[PlyCount "154"]
[EventDate "2006.09.27"]
[EventType "tourn"]
[EventRounds "11"]
[EventCountry "POL"]
[SourceTitle "EXT 2011"]
[Source "ChessBase"]
[SourceDate "2010.11.26"]
[SourceVersion "1"]
[SourceVersionDate "2010.11.26"]
[SourceQuality "1"]

1. e4 Nf6 2. e5 Nd5 3. d4 d6 4. c4 Nb6 5. exd6 exd6 6. Nc3 Be7 7. Be3 Nc6 8. Rc1 Bf5 9. Nf3 Bf6 10. b3 d5 11. c5 Nc8 12. Be2 0-0 13. 0-0 g5 14. Qd2 h6 15. Rfd1 Bg7 16. Ne5 N8e7 17. f4 gxf4 18. Bxf4 Kh7 19. Bf3 Nxe5 20. Bxe5 Bxe5 21. dxe5 c6 22. Ne2 f6 23. exf6 Rxf6 24. Qd4 Qf8 25. Ng3 Ng6 26. Rf1 Re8 27. Bg4 Bxg4 28. Rxf6 Qg7 29. Rcf1 Ne5 30. Qf4 Re7 31. h3 Bd7 32. Nh5 Qg5 33. Qxg5 hxg5 34. Rf8 Be6 35. b4 d4 36. Nf6+ Kg7 37. Ne4 g4 38. hxg4 Bxg4 39. Nd2 Be2 40. R1f2 Bd1 41. Rd8 d3 42. Rd4 Bh5 43. Nf3 Nxf3+ 44. gxf3 Bg6 45. Rg2 Kf7 46. Rf4+ Kg7 47. Rfg4 Kf7 48. Rxg6 d2 49. Rxd2 Kxg6 50. Kf2 Kf5 51. a4 a6 52. Rd8 Rh7 53. Rd4 Ke5 54. Rg4 Kf5 55. Re4 Rh2+ 56. Ke3 Rb2 57. Kd3 Rb3+ 58. Kc4 Rxf3 59. Re7 Rf4+ 60. Kc3 a5 61. Rxb7 axb4+ 62. Rxb4 Rf3+ 63. Kb2 Ke5 64. a5 Kd5 65. a6 Rf8 66. a7 Ra8 67. Rb7 Kxc5 68. Kc3 Kd6 69. Kc4 c5 70. Kb5 c4 71. Kb6 Kd5 72. Rb8 Rxa7 73. Kxa7 c3 74. Kb6 Kd4 75. Kb5 c2 76. Rc8 Kd3 77. Kb4 Kd2 1/2-1/2